Láska na první zprávu /
Jedna omylem poslaná zpráva. Číslo, které měla okamžitě smazat. Jenže pak přišla odpověď. A pak další. A další. Zach Hastings je vtipný, drzý, sice trochu nerd, ale zato nebezpečně přitažlivý. Přesně ten typ muže, který ví, co napsat, aby se ženě zrychlil tep jen skrze displej mobilního telefonu. Ne...
Uloženo v:
| Série: | Texting,
část 1 |
|---|---|
| Hlavní autor: | |
| Médium: | E-kniha |
| Jazyk: | Czech |
| Vydáno: |
Praha :
Albatros Media a.s.,
2026
|
| Příbuzné jednotky: | Z cyklu::
Texting |
| Tagy: |
Žádné tagy |
| LEADER | 01596nam a22002417i 4500 | ||
|---|---|---|---|
| 001 | 302229 | ||
| 007 | ta | ||
| 008 | 260510s2026 xr ||||| |||| 00| 0 cze d | ||
| 020 | |a 9788026928881 | ||
| 044 | |a xr | ||
| 100 | 1 | |a Hunter, Teagan |4 aut | |
| 245 | 1 | 0 | |a Láska na první zprávu / |c Hunter, Teagan |
| 240 | 1 | 0 | |a Let's Get Textual |
| 264 | 1 | |a Praha : |b Albatros Media a.s., |c 2026 | |
| 300 | |a 1 online zdroj (304 stran) | ||
| 336 | |a text |b txt |2 rdacontent | ||
| 337 | |a bez média |b n |2 rdamedia | ||
| 338 | |a online zdroj |b cr |2 rdacarrier | ||
| 520 | 2 | |a Jedna omylem poslaná zpráva. Číslo, které měla okamžitě smazat. Jenže pak přišla odpověď. A pak další. A další. Zach Hastings je vtipný, drzý, sice trochu nerd, ale zato nebezpečně přitažlivý. Přesně ten typ muže, který ví, co napsat, aby se ženě zrychlil tep jen skrze displej mobilního telefonu. Neviděli se, neznají se a rozhodně by spolu neměli flirtovat do pozdních hodin. Jenže zprávy jsou pořád odvážnější a napětí mezi nimi houstne. Bude ale jejich chemie ve skutečnosti stejně žhavá jako mezi řádky? | |
| 787 | 0 | 8 | |g 1 |i Z cyklu: |t Texting |
| 910 | |a RBIT002 | ||
| 998 | |d 426838 |a https://core.palmknihy.cz/api/books/426838/cover?teqlsq |b https://core.palmknihy.cz/api/books/426838/cover/400?teqlsq |c https://core.palmknihy.cz/api/books/426838/cover/50?teqlsq |e 2030-06-09 |g 304 |i 9788026928881 |j https://core.palmknihy.cz/api/books/426838/preview.epub |k https://core.palmknihy.cz/api/books/426838/preview.pdf |l |q 49 |r 1 |s https://www.palmknihy.cz/kniha/426838 |t ebook |y 2026 |z 1 |v Texting |w 1 | ||
| 999 | |d 302227 | ||